The life of Charles Dickens / (Record no. 19684)
[ view plain ]
| 000 -LEADER | |
|---|---|
| fixed length control field | 00904nam a2200313 a 4500 |
| 001 - CONTROL NUMBER | |
| control field | 19684 |
| 003 - CONTROL NUMBER IDENTIFIER | |
| rucl marc code | BD-RjUL |
| 005 - DATE AND TIME OF LATEST TRANSACTION | |
| control field | 20240110153439.0 |
| 008 - FIXED-LENGTH DATA ELEMENTS--GENERAL INFORMATION | |
| fixed length control field | 140225s1969 enkah 001 0beng |
| 020 ## - INTERNATIONAL STANDARD BOOK NUMBER | |
| International Standard Book Number | 0460007815(v.1) |
| International Standard Book Number | 0460007823 (v.2) |
| 035 ## - SYSTEM CONTROL NUMBER | |
| System control number | (BD-RjUL)19744 |
| 040 ## - CATALOGING SOURCE | |
| Original cataloging agency | DLC |
| Transcribing agency | DLC |
| Modifying agency | DLC |
| -- | BD-RjUL |
| Language of cataloging | eng |
| 041 ## - LANGUAGE CODE | |
| Language code of text/sound track or separate title | eng |
| 082 00 - DEWEY DECIMAL CLASSIFICATION NUMBER | |
| Edition number | 23 |
| Classification number | 823.8 |
| Author mark and year | FOL 1969 |
| 100 1# - MAIN ENTRY--PERSONAL NAME | |
| Personal name | Forster, John, |
| Dates associated with a name | 1812-1876. |
| 9 (RLIN) | 60431 |
| 245 14 - TITLE STATEMENT | |
| Title | The life of Charles Dickens / |
| Statement of responsibility, etc. | John Forster |
| 250 ## - EDITION STATEMENT | |
| Edition statement | New ed. |
| 260 ## - PUBLICATION, DISTRIBUTION, ETC. (IMPRINT) | |
| Place of publication, distribution, etc. | London ; |
| Name of publisher, distributor, etc. | Dent ; |
| Place of publication, distribution, etc. | New York : |
| Name of publisher, distributor, etc. | Dutton, |
| Date of publication, distribution, etc. | 1969. |
| 300 ## - PHYSICAL DESCRIPTION | |
| Pagination | v. : |
| Illustrations | illus; |
| Size | 19 cm. |
| 350 ## - PRICE (NR) (BK AM CF MU VM SE) [OBSOLETE] | |
| Price | 18/- (v. 1) |
| 490 0# - SERIES STATEMENT | |
| Series statement | Everyman's library |
| 505 01 - FORMATTED CONTENTS NOTE | |
| Formatted contents note | Vol.1-- Vol.2-- |
| 600 10 - SUBJECT ADDED ENTRY--PERSONAL NAME | |
| Personal name | Dickens, Charles, |
| Dates associated with a name | 1812-1870. |
| 650 #0 - SUBJECT ADDED ENTRY--TOPICAL TERM | |
| Topical term or geographic name as entry element | Novelists, English |
| Chronological subdivision | 19th century |
| General subdivision | Biography. |
| 9 (RLIN) | 56441 |
| 830 ## - SERIES ADDED ENTRY--UNIFORM TITLE | |
| Uniform title | Everyman's library |
| 942 ## - ADDED ENTRY ELEMENTS (KOHA) | |
| Source of classification or shelving scheme | Dewey Decimal Classification |
| Koha item type | Books |
| Lost status | Source of classification or shelving scheme | Damaged status | Not for loan | Collection code | Permanent Location | Current Location | Shelving location | Date acquired | Source of acquisition | Cost, normal purchase price | Total Checkouts | Full call number | Date last seen | Copy number | Koha item type |
|---|---|---|---|---|---|---|---|---|---|---|---|---|---|---|---|
| Dewey Decimal Classification | Fiction | Central Library, University of Rajshahi | Central Library, University of Rajshahi | 06/03/1973 | Black wel LTD. | 1.90 | 823.8 FOL V-1 1969 | 25/02/2014 | C-2 | Books | |||||
| Dewey Decimal Classification | Not For Loan | Fiction | Central Library, University of Rajshahi | Central Library, University of Rajshahi | Reading Room | 06/03/1973 | Blackwell | 1.90 | 823.8 FOL V-2 1969 | 10/01/2024 | C-1 | Books |